Statistics for If This Was A Movie lyrics

Click here to take the quiz!

General Stats

  • This quiz has been taken 208 times
    (47 since last reset)
  • The average score is 366 of 441

Answer Stats

Lyrics% Correct
a
96%
be
96%
I
96%
if
96%
If
96%
movie,
96%
movie
96%
this
96%
was
96%
you
96%
back,
92%
back
92%
my
92%
on
92%
the
92%
by
88%
Come
88%
come
88%
here
88%
in
88%
me
88%
me,
88%
now
88%
Now
88%
to
88%
we
88%
you'd
88%
You'd
88%
And
85%
and
85%
But
85%
but
85%
it
85%
know
85%
Last
85%
like
85%
night
85%
own
85%
there,
85%
there
85%
would
85%
would,
85%
your
85%
you're
85%
all
81%
at
81%
Baby,
81%
baby,
81%
could
81%
could,
81%
had
81%
just
81%
that
81%
then
81%
want
81%
when
81%
been
77%
before
77%
footsteps
77%
for
77%
gone
77%
heard
77%
heart
77%
I'm
77%
It's
77%
it's
77%
not
77%
Not
77%
out
77%
said
77%
say,
77%
sorry
77%
beating
73%
door
73%
front
73%
Locked
73%
lose"
73%
months
73%
nothing
73%
rain
73%
see
73%
Six
73%
still
73%
though
73%
'til
73%
waiting
73%
way
73%
were
73%
came
69%
'cause
69%
change
69%
change,
69%
easy
69%
ever
69%
gonna
69%
happen,
69%
how
69%
knew
69%
memories,
69%
moving
69%
much
69%
"Nothing's
69%
of
69%
our
69%
Sounded
69%
Stand
69%
thousand
69%
you've
69%
ending
65%
even
65%
fight,
65%
happened
65%
I'll
65%
I've
65%
laughing,
65%
locked
65%
reaching,
65%
somewhere,
65%
stairs
65%
street
65%
take
65%
these
65%
things
65%
thinking
65%
time
65%
we've
65%
work
65%
'bout
62%
down
62%
Flash
62%
friends
62%
outside
62%
pacing
62%
people
62%
since
62%
up
62%
arms
58%
chasing
58%
everything
58%
Oh,
58%
somehow
58%
them
58%
thought
58%
Thought
58%
through
58%
wanna
58%
hall,
54%
kind
54%
Maybe
54%
playing
54%
remember
54%
don't
50%
going
50%
lately,
50%
stood
50%

Score Distribution

Percentile by Number Answered

Percent of People with Each Score

Your Score History

You have not taken this quiz since the last reset